| 000 | 00984cad a22002295a 4500 | ||
|---|---|---|---|
| 001 | L151708 | ||
| 008 | 101205s2010 xxk f 000 0 eng d | ||
| 020 | _a9781409826682 | ||
| 035 | _a(Sirsi) u151708 | ||
| 041 | 0 | _aeng | |
| 050 | 0 | 4 | _a306.1 $2 18 |
| 110 | 2 |
_aUnited Kingdom _bDepartment for Communities and Local Government _94939 |
|
| 245 | 0 | 0 |
_aHousing and planning statistics 2010 _h[electronic resource] |
| 260 |
_aLondon _bDCLG _c2010 |
||
| 520 | _aCompendium of housing and planning statistcs selected from the live tables and charts available on the Housing Statistics and Planning Statistics pages of the DCLG website www.communities.gov.uk | ||
| 590 | _aKA | ||
| 651 | 4 |
_aEngland and Wales _y1543- |
|
| 690 |
_aResidential property _96266 |
||
| 690 | _aENVIRONMENT AND LAND CONSULTANCY-PLANNING AND DEVELOPMENT | ||
| 856 | 4 | 0 |
_uhttps://www.communities.gov.uk/documents/statistics/pdf/1785484.pdf _zView this item free of charge at www.communities.gov.uk |
| 942 | _n0 | ||
| 999 |
_c111556 _d111556 |
||